Klicke die italienischen Städte auf einer Karte - Statistiken

Allgemein
  • Dieses Quiz wurde 166 mal gespielt
  • Das Durchschnittsergebnis liegt bei 14 aus 20
Antworten auf der Karte
Die Antworten werden auf der Karte rot bzw. grün angezeigt, abhängig davon wie oft sie richtig erraten wurden.
 
Antwortstatistiken
Antwort % Korrekt
Rom
94%
Venedig
90%
Genua
86%
Neapel
86%
Bozen
84%
Mailand
83%
Triest
81%
Verona
77%
Turin
73%
Bari
71%
Florenz
69%
Catania
68%
Palermo
68%
Bologna
67%
Cagliari
63%
Sassari
53%
Tarent
53%
Ancona
48%
Pescara
48%
Perugia
44%
Keine übereinstimmenden Quizze gefunden
Verteilung der Resultate
Anzahl Personen mit jedem Resultat
Perzentil nach korrekt beantworteten Fragen
Ihre Resultats-Entwicklung
Sie haben dieses Quiz noch nicht gespielt